000 01964nam0a2200409 i 4500
001 RU\NLR\BIBL_A\010546272
005 20241105072610.0
010 _a9785996605835
_95000
021 _aRU
_b2014-72324
_94431
035 _a(NILC)RuMoRGB-007559921
035 _a(NLR Aleph) 010546272
090 _a10317684
_c10317684
100 _a20141128d2014 u y0rusy50 ca
101 0 _arus
102 _aRU
105 _ay|||j||||00yy
200 1 _aИстория
_e10-11 классы
_iАнализ исторического источника на ЕГЭ
_eтексты, задания, модели ответов
_eучебно-методическое пособие
_fР. В. Пазин
205 _aИзд. 5-е, перераб. и доп.
210 _aРостов-на-Дону
_cЛегион
_d2014
215 _a334, [1] с.
_d20
225 1 _aУчебно-методический комплекс "История. Подготовка к ЕГЭ"
225 1 _aГотовимся к ЕГЭ
606 1 _aИсточниковедение
_jУчебные издания для поступающих в высшие учебные заведения
_91042545
_3RU\NLR\AUTH\66401714
606 1 _aИстория
_jУчебно-методические пособия
_xЭкзамены
_xПодготовка к ним
_xСредняя школа
_92227311
_3RU\NLR\AUTH\6601569805
607 _aРоссия
_jУчебные издания для поступающих в высшие учебные заведения
_xИстория
_91554184
_3RU\NLR\AUTH\66979780
675 _a373.167.1:94(47+57)
675 _a94(47+57)(075.3)
686 1 _aЧ421.31-28я7
686 1 _aТ211я72
686 1 _aТ3(2)0,01я72
700 1 _aПазин
_bР. В.
_gРоман Викторович
801 0 _aRU
_bRuMoRKP
_c20131111
_gRCR
801 2 _aRU
_bРГБ
_c20140930
_grcr
942 _cBOOK
980 _aNBR